Creative collaboration : (Record no. 3346)

000 -LEADER
fixed length control field nam a22 7a 4500
005 - DATE AND TIME OF LATEST TRANSACTION
control field 20170522120751.0
008 - FIXED-LENGTH DATA ELEMENTS--GENERAL INFORMATION
fixed length control field 170522b2003 cau||||| |||| 00| 0 eng d
020 ## - INTERNATIONAL STANDARD BOOK NUMBER
International Standard Book Number 1560526874
040 ## - CATALOGING SOURCE
Original cataloging agency AKMAL
082 ## - DEWEY DECIMAL CLASSIFICATION NUMBER
Classification number 658.402 HON
090 ## - LOCALLY ASSIGNED LC-TYPE CALL NUMBER (OCLC); LOCAL CALL NUMBER (RLIN)
Classification number (OCLC) (R) ; Classification number, CALL (RLIN) (NR) 658.402
Local cutter number (OCLC) ; Book number/undivided call number, CALL (RLIN) HON
100 1# - MAIN ENTRY--PERSONAL NAME
Personal name Honig, Bruce
9 (RLIN) 6782
245 10 - TITLE STATEMENT
Title Creative collaboration :
Remainder of title simple tools for inspired teamwork /
Statement of responsibility, etc. Bruce Honig and Alain Rostain
260 ## - PUBLICATION, DISTRIBUTION, ETC.
Place of publication, distribution, etc. Menlo Park, CA :
Name of publisher, distributor, etc. Crisp Publicatons,
Date of publication, distribution, etc. c2003
300 ## - PHYSICAL DESCRIPTION
Extent x, 110 p. :
Other physical details ill. ;
Dimensions 26 cm
504 ## - BIBLIOGRAPHY, ETC. NOTE
Bibliography, etc. note Includes bibliographical references (p. 106-107).
650 #0 - SUBJECT ADDED ENTRY--TOPICAL TERM
Topical term or geographic name entry element Creative ability in business.
9 (RLIN) 5740
650 #0 - SUBJECT ADDED ENTRY--TOPICAL TERM
Topical term or geographic name entry element Teams in the workplace
9 (RLIN) 557
700 1# - ADDED ENTRY--PERSONAL NAME
Personal name Rostain, Alain.
9 (RLIN) 6783
830 #0 - SERIES ADDED ENTRY--UNIFORM TITLE
Uniform title Fifty-Minute series
9 (RLIN) 1134
942 ## - ADDED ENTRY ELEMENTS (KOHA)
Source of classification or shelving scheme
Koha item type Book
Holdings
Withdrawn status Lost status Source of classification or shelving scheme Damaged status Not for loan Collection code Home library Current library Shelving location Date acquired Inventory number Total Checkouts Full call number Barcode Date last seen Price effective from Koha item type
          NON-FICTION AKMAL Melaka AKMAL Melaka PINJAMAN 22.05.2017 602350   658.402 HON 201704179 22.05.2017 22.05.2017 Book
Pusat Sumber Maklumat Dato' Haji Sarmin Md Hussin, Akademi Kastam Diraja Malaysia, Melaka
Tel: 06-2331106 | Faks: 06-2313787